Sociální pomoc, hmotná nouze a majetek Zamyšlení nad zásadami zákona o sociální pomoci

Zmysel sociálnej pomoci. Hranice chudoby. Problém základných potrieb a luxusného tovaru. Pôžičky na živobytie. Majetok a poskytovanie sociálnej pomoci.

Guardado en:
Detalles Bibliográficos
Autor principal: Víšek, P.
Formato: Capítulo de libro
Lenguaje:checo
Materias:
Etiquetas: Agregar Etiqueta
Sin Etiquetas, Sea el primero en etiquetar este registro!

MARC

LEADER 00000naa a2200000 4500
001 r017200
005 20221208131353.6
041 0 |a cze 
044 |a CZ 
245 1 0 |a Sociální pomoc, hmotná nouze a majetek  |b Zamyšlení nad zásadami zákona o sociální pomoci  |c P. Víšek 
520 |a Zmysel sociálnej pomoci. Hranice chudoby. Problém základných potrieb a luxusného tovaru. Pôžičky na živobytie. Majetok a poskytovanie sociálnej pomoci. 
610 2 0 |a pomoc sociálna 
610 2 0 |a zákony 
610 2 0 |a Česko 
610 2 0 |a chudoba 
610 2 0 |a potreby základné 
610 2 0 |a tovar luxusný 
610 2 0 |a pôžičky 
610 2 0 |a vlastníctvo súkromné 
610 2 0 |a starostlivosť sociálna 
100 1 |a Víšek, P.